Quiz wiedzy ogólnej #24 - Statystyki

Ogólne statystyki
  • Ten quiz został rozwiązany 1 584 razy
    1 559 od ostatniego zresetowania
  • Średni wynik to 10 z 20
Statystyki odpowiedzi
Pytanie Odpowiedź % Poprawnych
Według przesądów, jak długo będziesz mieć pecha, jeśli stłuczesz lustro? Przez siedem lat
77%
W jakim mieście urodził się Mohamet? Mekka
70%
Jak nazywa się polski siatkarz kubańskiego pochodzenia znany z bardzo mocnych serwów? Wilfredo León Venero
66%
Kto napisał Władcę Pierścieni? J.R.R. Tolkien
65%
Kto wydał piosenkę "100 dni do matury"? Mata
65%
Jakie państwo ma trzy oficjalne stolice? Republika Południowej Afryki
64%
Jaki ma kształt znak stopu w większości państw? Ośmiokąt
61%
W jakim sporcie gra się jedną białą bilą, piętnastoma czerwonymi, oraz sześciu o innych kolorach? W snookerze
61%
Jakie państwo było stworzone poprzez unię Aragonia oraz Królestwa Kastylii? Hiszpania
60%
Jaki system cyfrowy używa tylko zer i jedynek? binarny
59%
Jaka jest inna nazwa dla żuchwy? Szczęka {dolna}
56%
Jak inaczej można nazwać tlenek diwodoru? Wodą
55%
Jakie warzywo zostało nazwane na cześć europejskiej stolicy? brukselka
53%
Jaka cywilizacja, zlokalizowana na Półwyspie Jukatan, była jedyną grupą rdzennych Amerykanów, która niezależnie opracowała pismo? Cywilizacja Majów
52%
Jak nazywał się mąź Ginewry? Król {Artur}
41%
Co symbolizuje harfa w herbie króla Karola III? Irlandię
13%
Który brytyjski lord jest imiennikiem najsłynniejszego trofeum hokejowego i najsłynniejszego parku w Vancouver? Stanley Lord
13%
Na jakiej wyspie można znaleźć wulkan Kīlauea, najprawdopodobniej najaktywniejszy na świecie? Hawaiʻi
12%
Jaka dieta sugeruje, że ludzie powinni jeść tylko to, co było dostępne dla naszych przodków sprzed 10 tysięcy lat? Paleo
10%
W jakim filmie pojawił się Człowiek z pianką Stay-Puft? Pogromcy duchów
10%
Nie znaleziono quizów pasujących do podanych kryteriów
Rozkład punktacji
Procent ludzi z każdym wynikiem
Percentyl według liczby udzielonych odpowiedzi
Twoja historia wyników
Nie rozwiązałeś tego quizu od ostatniego zresetowania